Stati confinanti più estesi - Quiz n°6 - Statistics

Statistiche generali
  • Questo quiz è stato fatto 5 volte
  • Il punteggio medio è 8 su 10
Statistiche sulle risposte
Nazione Nazione confinante più estesa % Corretto
Italia Francia
100%
Repubblica Ceca Germania
100%
Bangladesh India
100%
Honduras Nicaragua
100%
Cambogia Thailandia
100%
Tagikistan Cina
80%
Sudan del Sud Repubblica Democratica del Congo
80%
Benin Niger
60%
Guinea Bissau Guinea
40%
Guinea Mali
40%
Nessun quiz corrispondente trovato
Distribuzione punteggi
Percentuale di utenti per punteggio
Percentile per numero di risposta
I tuoi punteggi nel tempo
Non hai fatto questo quiz